Statistics for Asian Geography A-Z

Click here to take the quiz!

General Stats

  • This quiz has been taken 73 times
  • The average score is 22 of 26

Answer Stats

HintAnswer% Correct
QOil-rich Gulf countryQatar
100%
JCapital of IndonesiaJakarta
99%
NCity struck by an atomic bombNagasaki
96%
HMost-spoken language in IndiaHindi
96%
OGreat ape of Borneo and SumatraOrangutan
94%
CChinese dialect spoken
in Guangzhou
Cantonese
94%
TWhite marble mausoleum in AgraTaj Mahal
94%
GLargest cold desertGobi
94%
MIsland nation in the Indian OceanMaldives
93%
UDoubly-landlocked countryUzbekistan
91%
SNow called Ho Chi Minh CitySaigon
91%
BWorld's oldest and deepest lakeBaikal
90%
RLanguage that is official in
Kazakhstan and Kyrgyzstan
Russian
86%
YHairy cattle-like animal of
the Himalayas
Yak
84%
A"The Graveyard of Empires"Afghanistan
84%
EFormer name of TokyoEdo
84%
VLargest Russian Pacific portVladivostok
81%
WThe larger part of PalestineWest Bank
81%
PLanguage also known as FarsiPersian
80%
LBiggest Philippine islandLuzon
80%
IRiver home to a ancient civilizationIndus
80%
XCity known for its Terracotta ArmyXi'an
80%
KMost common Korean last nameKim
72%
ZType of Buddhism in JapanZen
72%
DLowest exposed point on landDead Sea
71%
FColonial name of TaiwanFormosa
68%

Score Distribution

Percentile by Number Answered

Percent of People with Each Score

Your Score History

You have not taken this quiz